000 00909nam a22002177a 4500
999 _c18592
_d18592
003 AR-CdUCM
008 190514b ||||| |||| 00| 0 spa d
040 _aMUNICIPALIDAD PROVINCIAL DEL CUSCO
_cBIBLIOTECA MUNICIPAL DEL CUSCO
082 _a374.341 /
_bM86
100 _aMoreno y Garcia, Roberto
_926431
245 _aAnalfabetismo y cultura popular en América /
260 _aMéxico D. F. :
_bAtlante,
_c1941.
300 _a112 páginas ;
_btablas, mapas,
_c23.5 cm.
440 _aCuadernos de Educación Práctica.
_939268
505 _aContenido: Rasgos generales de América -- El movimiento por la educación popular en el mundo -- La educación popular en América -- Restricciones legales y sociales en los analfabetos -- Análisis por países ...
650 _aEducación
_9460
650 _aAnalfabetismo
_92410
650 _aAmérica
_91348
942 _2ddc
_cLIBROS
945 _apjha
_d2019-05-17